[Event "Kingston Easter U1600"]
[Site "Kingston"]
[Date "2019.04.22"]
[Round "8.50"]
[White "Liao, Austin"]
[Black "De Leon, Raf Adrik"]
[Result "0-1"]
[WhiteElo "902"]
[BlackElo "1247"]
[PlyCount "108"]
[EventDate "2019.04.18"]
[EventType "swiss"]
[EventRounds "9"]
[EventCountry "CAN"]
[SourceTitle "EXT 2022"]
[Source "ChessBase"]
[SourceDate "2021.10.06"]
[SourceVersion "1"]
[SourceVersionDate "2021.10.06"]
[SourceQuality "1"]

1. e4 e5 2. Nf3 Nc6 3. Bc4 Nf6 4. Nc3 Bc5 5. Nxe5 Nxe5 6. d4 Nxc4 7. dxc5 d6 8. cxd6 cxd6 9. Qe2 Nb6 10. Bg5 Qe7 11. Bxf6 Qxf6 12. Rb1 0-0 13. 0-0 Bd7 14. Rfe1 Rfe8 15. h3 Re5 16. f4 Ree8 17. Rbd1 Re7 18. Qd3 Bc6 19. Qxd6 Qxd6 20. Rxd6 Bxe4 21. Red1 g6 22. Re1 Rae8 23. Rc1 Rd7 24. Rxd7 Nxd7 25. Re1 f5 26. Nd5 Kf7 27. c4 Bxd5 28. Rxe8 Kxe8 29. cxd5 Nf6 30. Kf2 Nxd5 31. Kf3 Ke7 32. g4 Ke6 33. g5 a5 34. b3 Kd6 35. h4 Kc5 36. h5 gxh5 37. Kg3 Kd6 38. a3 b5 39. Kh3 Nxf4+ 40. Kh4 Ne6 41. Kxh5 Nxg5 42. Kxg5 Ke5 43. Kh4 Kf4 44. b4 axb4 45. axb4 Kf3 46. Kh3 f4 47. Kh2 Ke2 48. Kh3 f3 49. Kh2 f2 50. Kh3 f1Q+ 51. Kh2 Qf4+ 52. Kh3 Qg5 53. Kh2 Kf2 54. Kh3 Qh5# 0-1

[Event "Kingston Easter U1600"]
[Site "Kingston"]
[Date "2019.04.21"]
[Round "6.50"]
[White "De Leon, Raf Adrik"]
[Black "Gougeon, Patrick"]
[Result "1-0"]
[WhiteElo "1247"]
[BlackElo "1204"]
[PlyCount "139"]
[EventDate "2019.04.18"]
[EventType "swiss"]
[EventRounds "9"]
[EventCountry "CAN"]
[SourceTitle "EXT 2022"]
[Source "ChessBase"]
[SourceDate "2021.10.06"]
[SourceVersion "1"]
[SourceVersionDate "2021.10.06"]
[SourceQuality "1"]

1. Nf3 f5 2. c4 Nf6 3. d4 g6 4. Nc3 Bg7 5. Bd2 0-0 6. Qc2 d6 7. 0-0-0 a5 8. h4 h6 9. c5 Qe8 10. e4 a4 11. a3 dxc5 12. dxc5 Ng4 13. Be3 Nxe3 14. fxe3 e6 15. e5 h5 16. Bb5 c6 17. Bxa4 Rf7 18. Bb3 Na6 19. Ne2 Bf8 20. Nf4 Rg7 21. Ng5 Bxc5 22. Bxe6+ Bxe6 23. Nfxe6 Bxe3+ 24. Kb1 Re7 25. Qb3 Bxg5 26. Nc7+ Qf7 27. Qxf7+ Kxf7 28. Nxa8 Be3 29. Rhe1 Bf2 30. Re2 Bxh4 31. Nb6 Nc5 32. b4 Ne4 33. Kc2 Rxe5 34. Rd7+ Re7 35. Rxe7+ Bxe7 36. Nc4 c5 37. b5 Bf6 38. Nd2 Nc3 39. Re3 Nxb5 40. Nc4 Nd4+ 41. Kd3 Be7 42. a4 Kf6 43. Nb6 Nc6 44. Nd5+ Kf7 45. Nxe7 Nxe7 46. Kc4 b6 47. Kb5 Kf6 48. Rd3 Kg5 49. Kxb6 c4 50. Rd2 c3 51. Rc2 Nd5+ 52. Kc5 Nf6 53. a5 Ne4+ 54. Kd5 Nf6+ 55. Kc6 Ne4 56. a6 h4 57. a7 h3 58. gxh3 Kh4 59. a8Q Kxh3 60. Qa1 Kg4 61. Qd1+ Kg5 62. Qd8+ Kf4 63. Qh4+ Ke5 64. Qh6 g5 65. Re2 Kf4 66. Qh2+ Ng3 67. Qf2+ Kg4 68. Re3 Ne4 69. Qf3+ Kh4 70. Qh3# 1-0